My five senses /

A simple introduction to the five senses and how they help us experience the world around us.

Bibliographic Details
Main Author: Miller, Margaret, 1945-
Format: Book
Language:English
Published: New York, N.Y. : Simon & Schuster Books for Young Readers, [1994]
Subjects:

MARC

Tag First Indicator Second Indicator Subfields
LEADER 00000cam a2200000 a 4500
001 in00001406801
005 20151020072934.0
008 930429s1994 nyua j 000 0 eng
010 |a  93001956  
020 |a 0671791680 
035 |a (OCoLC)28335934 
035 |9 AHQ3757AM 
040 |a DLC  |c DLC  |d UtOrBLW 
049 |a TXAG 
050 0 0 |a QP434  |b .M55 1994 
082 0 0 |a 612.8  |2 20 
100 1 |a Miller, Margaret,  |d 1945- 
245 1 0 |a My five senses /  |c by Margaret Miller. 
264 1 |a New York, N.Y. :  |b Simon & Schuster Books for Young Readers,  |c [1994] 
264 4 |c ©1994 
300 |a 1 volume (unpaged) :  |b color illustrations ;  |c 27 cm. 
336 |a text  |b txt  |2 rdacontent 
337 |a unmediated  |b n  |2 rdamedia 
338 |a volume  |b nc  |2 rdacarrier 
520 |a A simple introduction to the five senses and how they help us experience the world around us. 
650 0 |a Senses and sensation  |v Juvenile literature. 
650 1 |a Senses and sensation. 
999 |a MARS 
999 f f |s 09da8425-39e1-3ca9-8615-8ae356866073  |i 053a76ea-df8b-385e-81fa-83844fda98f4  |t 0 
952 f f |p ric  |a Texas A&M University  |b Rellis Campus  |c Joint Library Facility  |d Remote Storage  |t 0  |e QP434 .M55 1994  |h Library of Congress classification  |i unmediated -- volume  |m A14822248841 
998 f f |a QP434 .M55 1994  |t 0  |l Remote Storage